| Tag |
First Indicator |
Second Indicator |
Subfields |
| LEADER |
00000cam a2200000 a 4500 |
| 001 |
in00000012432 |
| 005 |
20151007051827.0 |
| 008 |
861212s1987 enka b 00100 eng |
| 010 |
|
|
|a 86032737
|
| 020 |
|
|
|a 0521333784
|
| 020 |
|
|
|a 052133652X (pbk.)
|
| 035 |
|
|
|a (OCoLC)15015205
|
| 035 |
|
|
|9 AAA4996AM
|
| 040 |
|
|
|a DLC
|c DLC
|d TXA
|d UtOrBLW
|
| 043 |
|
|
|a pome---
|
| 049 |
|
|
|a TXAM
|c [A11040638]
|
| 050 |
0 |
0 |
|a GN668
|b .D42 1987
|
| 082 |
0 |
|
|a 305/.0993
|2 19
|
| 245 |
0 |
0 |
|a Dealing with inequality :
|b analysing gender relations in Melanesia and beyond : essays by members of the 1983/1984 Anthropological Research Group at the Research School of Pacific Studies, the Australian National University /
|c edited by Marilyn Strathern.
|
| 264 |
|
1 |
|a Cambridge [Cambridgeshire] ;
|a New York :
|b Cambridge University Press,
|c 1987.
|
| 300 |
|
|
|a xiv, 325 pages :
|b illustrations ;
|c 24 cm.
|
| 336 |
|
|
|a text
|b txt
|2 rdacontent
|
| 337 |
|
|
|a unmediated
|b n
|2 rdamedia
|
| 338 |
|
|
|a volume
|b nc
|2 rdacarrier
|
| 504 |
|
|
|a Bibliography: pages 303-318.
|
| 500 |
|
|
|a Includes index.
|
| 505 |
0 |
|
|a Ta'a geni / Roger M. Keesing -- The remarriage of Yebiwali / Frederick Errington and Deborah Gewertz -- Gender difference and the relations of inequality in Zinacantan / Leslie Devereaux -- The politics of separation / Diane Bell -- Women are our business / Ann Chowning -- Gender attributes and equality / Jill Nash -- Complementarity in this world and the next / Janet Hoskins -- Flying witches and leaping warriors / Martha Macintyre -- The tusk, the flute, and the serpent / Michael W. Young -- Diseases of the soul / James F. Weiner.
|
| 650 |
|
0 |
|a Ethnology
|z Melanesia.
|
| 650 |
|
0 |
|a Sex role
|z Melanesia.
|
| 650 |
|
0 |
|a Equality
|z Melanesia.
|
| 650 |
|
0 |
|a Melanesians
|x Social life and customs.
|
| 700 |
1 |
|
|a Strathern, Marilyn.
|
| 710 |
2 |
|
|a Australian National University.
|b Anthropological Research Group.
|
| 999 |
|
|
|a MARS
|
| 999 |
f |
f |
|s 251f00ed-f93e-3256-afe8-1b0ecfd8fc57
|i 43d80c04-22b0-3f41-8ca9-0d2cbda3c954
|t 0
|
| 952 |
f |
f |
|p ric
|a Texas A&M University
|b Rellis Campus
|c Joint Library Facility
|d Remote Storage
|t 0
|e GN668 .D42 1987
|h Library of Congress classification
|i unmediated -- volume
|m A14811040638
|
| 998 |
f |
f |
|a GN668 .D42 1987
|t 0
|l Remote Storage
|